An anthropologist among the historians and other essays / (Record no. 53142)
[ view plain ]
| 000 -LEADER | |
|---|---|
| fixed length control field | 00942nam a22002177a 4500 |
| 005 - DATE AND TIME OF LATEST TRANSACTION | |
| control field | 20110624114743.0 |
| 010 ## - LCCN (DPL NO) | |
| LC control number | B-430937 |
| 020 ## - INTERNATIONAL STANDARD BOOK NUMBER | |
| International Standard Book Number | 9780195626162 |
| Terms of availability | 495.00 |
| 035 ## - SYSTEM CONTROL NUMBER | |
| System control number | B-430937 |
| 037 ## - SOURCE OF ACQUISITION | |
| Source of stock number/acquisition | Oxford University Press |
| 037 ## - SOURCE OF ACQUISITION | |
| Source of stock number/acquisition | Allied Pub/Ven |
| 082 ## - DEWEY DECIMAL CLASSIFICATION NUMBER | |
| Classification number | 954 |
| 100 ## - MAIN ENTRY--PERSONAL NAME | |
| Personal name | Cohn, Bernard S. |
| 245 ## - TITLE STATEMENT | |
| Title | An anthropologist among the historians and other essays / |
| Statement of responsibility, etc | by Bernard S. Cohn with an introduction by Ranajit Guha |
| 260 ## - PUBLICATION, DISTRIBUTION, ETC. (IMPRINT) | |
| Place of publication, distribution, etc | New Delhi |
| Name of publisher, distributor, etc | Oxford University Press |
| Date of publication, distribution, etc | 2010 |
| 270 ## - ADDRESS | |
| Address | YMCA Library Building, Jai Singh Road |
| City | New Delhi |
| Postal code | 110001 |
| 300 ## - PHYSICAL DESCRIPTION | |
| Extent | xxvi, 682p. |
| Dimensions | 24cm(pbk) |
| 942 ## - ADDED ENTRY ELEMENTS (KOHA) | |
| Source of classification or shelving scheme | Dewey Decimal Classification |
| Item type | English Books |
| Call number suffix | COH |
| Classification part | 954 |
| Withdrawn status | Lost status | Not for loan | Collection code | Home library | Current library | Date acquired | Source of acquisition | Cost, normal purchase price | Full call number | Barcode | Copy number | Cost, replacement price | Koha item type |
|---|---|---|---|---|---|---|---|---|---|---|---|---|---|
| Non-fiction | Central Library | Central Library | 30/06/2011 | Allied Pub/2951/29.3.11/78/14.3.11/31.3.11 | 495.00 | 954 COH | B-430937 | 1 | 495.00 | English Books |
